| 000 | 00368nam a22001457a 4500 | ||
|---|---|---|---|
| 005 | 20250530144147.0 | ||
| 008 | 250530b |||||||| |||| 00| 0 eng d | ||
| 020 | _a9780825426193 | ||
| 050 |
_aBV4241 _bFIN |
||
| 100 | _aFINNEY, CHARLES G. | ||
| 245 | _aVICTORY OVER THE WORLD | ||
| 260 |
_aMICHIGAN _bKREGEL PUBLICATIONS _cc1966 |
||
| 300 | _a123p | ||
| 942 |
_2lcc _cBK _n0 |
||
| 999 |
_c6070 _d6070 |
||